[Event "Titled Tuesday intern op 16th Apr Late"]
[Site "Chess.com INT"]
[Date "2024.04.16"]
[Round "11"]
[White "Korol, Dimitry"]
[Black "Slovineanu, Viacheslav"]
[Result "0-1"]
[WhiteElo "2287"]
[BlackElo "2412"]
[PlyCount "74"]
[EventDate "2024.04.16"]
[EventType "swiss (blitz)"]
[EventRounds "11"]
[EventCountry "USA"]
[SourceTitle "CB17_2024"]
[SourceDate "2024.04.24"]
[SourceVersion "1"]
[SourceVersionDate "2024.04.24"]
[SourceQuality "1"]

1. d4 Nf6 2. c4 e6 3. Nc3 d5 4. cxd5 Nxd5 5. e4 Nxc3 6. bxc3 c5 7. Nf3 cxd4 8. cxd4 Bb4+ 9. Bd2 Bxd2+ 10. Qxd2 0-0 11. Bc4 Nd7 12. 0-0 b6 13. d5 Nc5 14. Qf4 Bb7 15. Rad1 exd5 16. exd5 Qf6 17. Qxf6 gxf6 18. Rfe1 Rfe8 19. Nd4 Rad8 20. Nf5 Rxe1+ 21. Rxe1 Kf8 22. d6 Ne4 23. Rd1 Bc8 24. Nh6 Rxd6 25. Re1 Rd4 26. Bb5 Be6 27. f3 Nc3 28. a4 Nxa4 29. Ra1 Nc3 30. Bf1 a5 31. h3 Rd1 32. Ra3 Nb1 33. Re3 Nd2 34. Kf2 Nxf1 35. Rc3 b5 36. g4 b4 37. Rc7 b3 0-1

[Event "Titled Tuesday intern op 16th Apr Late"]
[Site "Chess.com INT"]
[Date "2024.04.16"]
[Round "4"]
[White "Shamsi, Mohammadhossein"]
[Black "Slovineanu, Viacheslav"]
[Result "0-1"]
[WhiteElo "2217"]
[BlackElo "2412"]
[PlyCount "63"]
[EventDate "2024.04.16"]
[EventType "swiss (blitz)"]
[EventRounds "11"]
[EventCountry "USA"]
[SourceTitle "CB17_2024"]
[SourceDate "2024.04.24"]
[SourceVersion "1"]
[SourceVersionDate "2024.04.24"]
[SourceQuality "1"]

1. Nf3 Nf6 2. g3 d5 3. Bg2 Nbd7 4. c4 c6 5. d4 dxc4 6. a4 a5 7. Na3 Nb6 8. 0-0 g6 9. Ne5 Bg7 10. Naxc4 Nxc4 11. Nxc4 0-0 12. Ne5 Be6 13. e4 Nd7 14. Nf3 Bc4 15. Re1 e5 16. b3 Ba6 17. Bb2 Re8 18. Qc2 exd4 19. Nxd4 Ne5 20. Rad1 Nd3 21. Rxd3 Bxd3 22. Qc5 b6 23. Qc3 c5 24. Qxd3 Bxd4 25. Bxd4 Qxd4 26. Qb5 Qb4 27. Qd7 Qxe1+ 28. Bf1 Rad8 29. Qc6 Qxe4 30. Qxb6 Rd1 31. Qb5 c4 32. b4 0-1

[Event "Titled Tuesday intern op 16th Apr Early"]
[Site "Chess.com INT"]
[Date "2024.04.16"]
[Round "5"]
[White "Slovineanu, Viacheslav"]
[Black "Panda, Sambit"]
[Result "1-0"]
[WhiteElo "2412"]
[BlackElo "2378"]
[PlyCount "61"]
[EventDate "2024.04.16"]
[EventType "swiss (blitz)"]
[EventRounds "11"]
[EventCountry "USA"]
[SourceTitle "CB17_2024"]
[SourceDate "2024.04.24"]
[SourceVersion "1"]
[SourceVersionDate "2024.04.24"]
[SourceQuality "1"]

1. d4 g6 2. Nf3 d6 3. e4 Bg7 4. Nc3 Nf6 5. Be3 0-0 6. Qd2 Ng4 7. Bg5 Nc6 8. h3 Nf6 9. Bh6 Re8 10. Bxg7 Kxg7 11. 0-0-0 e6 12. Bd3 e5 13. Ne2 exd4 14. Ng3 d5 15. Rhe1 Be6 16. e5 Nd7 17. Bb5 Ne7 18. Nxd4 c6 19. Bd3 c5 20. Nxe6+ fxe6 21. f4 c4 22. Bxc4 Rc8 23. Bd3 Nc5 24. h4 h5 25. Ne2 Qb6 26. Qe3 Nxd3+ 27. Qxd3 Nf5 28. Nd4 Nxh4 29. g4 hxg4 30. Rg1 Rc4 31. c3 1-0

[Event "Titled Tuesday intern op 16th Apr Early"]
[Site "Chess.com INT"]
[Date "2024.04.16"]
[Round "8"]
[White "Slovineanu, Viacheslav"]
[Black "Papp, Bence"]
[Result "1-0"]
[WhiteElo "2412"]
[BlackElo "2278"]
[PlyCount "149"]
[EventDate "2024.04.16"]
[EventType "swiss (blitz)"]
[EventRounds "11"]
[EventCountry "USA"]
[SourceTitle "CB17_2024"]
[SourceDate "2024.04.24"]
[SourceVersion "1"]
[SourceVersionDate "2024.04.24"]
[SourceQuality "1"]

1. d4 Nf6 2. Nf3 d5 3. c4 e6 4. e3 c5 5. cxd5 Nxd5 6. e4 Nf6 7. Nc3 cxd4 8. Nxd4 e5 9. Ndb5 Qxd1+ 10. Kxd1 Na6 11. Bc4 Bc5 12. Ke2 0-0 13. Bg5 Be6 14. Bxe6 fxe6 15. f3 h6 16. Be3 Bxe3 17. Kxe3 Nb4 18. Rac1 Rf7 19. Rhd1 a6 20. Nd6 Rd7 21. Nc4 Rad8 22. Rxd7 Nxd7 23. Rd1 Nc6 24. a4 Kf8 25. g3 Ke7 26. f4 Nd4 27. Rd2 Nb3 28. Rd6 exf4+ 29. gxf4 Rc8 30. Rxd7+ Kxd7 31. Nb6+ Kc7 32. Nxc8 Kxc8 33. e5 Kc7 34. Kd3 Nc5+ 35. Kc4 Kc6 36. b4 Nd7 37. b5+ Kb6 38. Ne4 g6 39. h4 Ka5 40. bxa6 bxa6 41. Nc5 Nxc5 42. Kxc5 Kxa4 43. Kd6 Kb3 44. Kxe6 a5 45. Kf7 a4 46. e6 a3 47. e7 a2 48. e8Q a1Q 49. Qe6+ Kc2 50. Kxg6 Qg1+ 51. Kxh6 Qg3 52. Qe4+ Kd2 53. h5 Qg8 54. Qd4+ Ke2 55. Qe5+ Kf3 56. f5 Kg4 57. Qe4+ Kg3 58. f6 Qf8+ 59. Kg6 Qg8+ 60. Kf5 Qh7+ 61. Ke5 Qc7+ 62. Ke6 Qc8+ 63. Kf7 Qd7+ 64. Qe7 Qd5+ 65. Kf8 Qxh5 66. Qd6+ Kg4 67. Qd1+ Kg5 68. Qxh5+ Kxh5 69. f7 Kg6 70. Ke8 Kg7 71. f8Q+ Kh7 72. Qf3 Kg7 73. Ke7 Kg6 74. Qg4+ Kh7 75. Kf7 1-0

[Event "Titled Tuesday intern op 02nd Apr Late"]
[Site "Chess.com INT"]
[Date "2024.04.02"]
[Round "1"]
[White "Kadric, Denis"]
[Black "Slovineanu, Viacheslav"]
[Result "1-0"]
[WhiteElo "2558"]
[BlackElo "2412"]
[PlyCount "43"]
[EventDate "2024.04.02"]
[EventType "swiss (blitz)"]
[EventRounds "11"]
[EventCountry "USA"]
[SourceTitle "CB15_2024"]
[SourceDate "2024.04.10"]
[SourceVersion "1"]
[SourceVersionDate "2024.04.10"]
[SourceQuality "1"]

1. e4 e5 2. Nf3 Nc6 3. Bc4 Nf6 4. d3 Be7 5. 0-0 0-0 6. a4 d6 7. a5 a6 8. c3 h6 9. Re1 Re8 10. Nbd2 Bf8 11. b4 d5 12. exd5 Nxd5 13. Qb3 Be6 14. Nxe5 Nxe5 15. Rxe5 Bd6 16. Rxd5 Bxd5 17. Bxd5 Re1+ 18. Nf1 Bxh2+ 19. Kxh2 Rxf1 20. Qc4 c6 21. Bxf7+ Kh8 22. Bg5 1-0

[Event "Titled Tuesday intern op 13th Feb Early"]
[Site "Chess.com INT"]
[Date "2024.02.13"]
[Round "4"]
[White "Slovineanu, Viacheslav"]
[Black "Agibileg, Uurtsaikh"]
[Result "0-1"]
[WhiteElo "2412"]
[BlackElo "2445"]
[PlyCount "78"]
[EventDate "2024.02.13"]
[EventType "swiss (blitz)"]
[EventRounds "11"]
[EventCountry "USA"]
[SourceTitle "CB08_2024"]
[SourceDate "2024.02.21"]
[SourceVersion "1"]
[SourceVersionDate "2024.02.21"]
[SourceQuality "1"]

1. d4 Nf6 2. Nf3 e6 3. c4 c5 4. d5 d6 5. Nc3 g6 6. e4 Bg7 7. Be2 0-0 8. Be3 a6 9. a4 e5 10. Nd2 a5 11. Nb5 Na6 12. h3 Nb4 13. g4 Kh8 14. Ra3 Ng8 15. h4 f5 16. Bg5 Qd7 17. gxf5 gxf5 18. exf5 Qxf5 19. Rf3 Qg6 20. Be7 Rxf3 21. Nxf3 Nc2+ 22. Kf1 Nxe7 23. h5 Qf6 24. Qxc2 Bf5 25. Bd3 Bxd3+ 26. Qxd3 Rf8 27. Rh3 Bh6 28. Nc3 Nf5 29. Ne4 Qf7 30. Qe2 Nd4 31. Nxd4 cxd4 32. Rg3 Be3 33. Kg2 Qf5 34. f3 Qxh5 35. Nxd6 Bf4 36. Rg4 Qh2+ 37. Kf1 Qh1+ 38. Rg1 Qh5 39. Ne4 Be3 0-1

[Event "Titled Tuesday intern op 22nd Aug Early"]
[Site "Chess.com INT"]
[Date "2023.08.22"]
[Round "9"]
[White "Slovineanu, Viacheslav"]
[Black "Shishkov, Andrei"]
[Result "1-0"]
[WhiteElo "2412"]
[BlackElo "2340"]
[PlyCount "63"]
[EventDate "2023.08.22"]
[EventType "swiss (blitz)"]
[EventRounds "11"]
[EventCountry "USA"]
[SourceTitle "EXT 2024"]
[Source "ChessBase"]
[SourceDate "2023.10.10"]
[SourceVersion "1"]
[SourceVersionDate "2023.10.10"]
[SourceQuality "1"]

1. d4 Nf6 2. Nf3 e6 3. c4 d5 4. e3 Be7 5. b3 0-0 6. Bd3 dxc4 7. bxc4 c5 8. 0-0 b6 9. Bb2 Bb7 10. Qe2 Nbd7 11. Nc3 Rc8 12. Rad1 cxd4 13. exd4 Qc7 14. Ne5 Nxe5 15. dxe5 Nd7 16. Nb5 Qc6 17. Qg4 h5 18. Qg3 h4 19. Qg4 Nc5 20. Nxa7 Qc7 21. Nxc8 Rxc8 22. Bc2 Ra8 23. Qh5 g6 24. Bxg6 fxg6 25. Qxg6+ Kf8 26. Rd4 Be4 27. Rxe4 Nxe4 28. Qxe4 Rxa2 29. Bc1 Ra4 30. Bh6+ Ke8 31. Rd1 Qxc4 32. Qg6# 1-0

[Event "Titled Tuesday intern op 22nd Aug Early"]
[Site "Chess.com INT"]
[Date "2023.08.22"]
[Round "5"]
[White "Slovineanu, Viacheslav"]
[Black "Skiadopoulos, Nikolaos"]
[Result "1-0"]
[WhiteElo "2412"]
[BlackElo "1896"]
[PlyCount "71"]
[EventDate "2023.08.22"]
[EventType "swiss (blitz)"]
[EventRounds "11"]
[EventCountry "USA"]
[SourceTitle "EXT 2024"]
[Source "ChessBase"]
[SourceDate "2023.10.10"]
[SourceVersion "1"]
[SourceVersionDate "2023.10.10"]
[SourceQuality "1"]

1. d4 Nf6 2. Nf3 g6 3. c4 c5 4. d5 b5 5. Nc3 b4 6. Nb1 Bg7 7. Bf4 d6 8. Nbd2 Nh5 9. Bg5 Bxb2 10. Rb1 Bg7 11. e4 0-0 12. h3 a5 13. Bd3 Nd7 14. 0-0 Ne5 15. Bc2 Ba6 16. Nxe5 Bxe5 17. f4 Bd4+ 18. Kh2 Bg7 19. Bd3 Nf6 20. Qe2 Nd7 21. Nf3 Rb8 22. e5 dxe5 23. fxe5 f6 24. Bh4 Nxe5 25. Nxe5 Qd6 26. Bg3 fxe5 27. Qc2 Rxf1 28. Rxf1 Rf8 29. Qa4 Qc7 30. Re1 Rf5 31. Bxf5 gxf5 32. Qe8+ Bf8 33. Bxe5 Qc8 34. Qh5 Bxc4 35. Re3 f4 36. Bxf4 1-0

[Event "Titled Tuesday intern op 15th Aug Early"]
[Site "Chess.com INT"]
[Date "2023.08.15"]
[Round "5"]
[White "Feliz Dotel, Dewar Bienvenido"]
[Black "Slovineanu, Viacheslav"]
[Result "1/2-1/2"]
[WhiteElo "1984"]
[BlackElo "2412"]
[PlyCount "138"]
[EventDate "2023.08.15"]
[EventType "swiss (blitz)"]
[EventRounds "11"]
[EventCountry "USA"]
[SourceTitle "EXT 2024"]
[Source "ChessBase"]
[SourceDate "2023.10.10"]
[SourceVersion "1"]
[SourceVersionDate "2023.10.10"]
[SourceQuality "1"]

1. d4 Nf6 2. e3 d5 3. Nf3 Bg4 4. h3 Bxf3 5. Qxf3 e6 6. c4 c5 7. cxd5 Qxd5 8. Bb5+ Nbd7 9. Qxd5 Nxd5 10. Bxd7+ Kxd7 11. dxc5 Bxc5 12. 0-0 f5 13. a3 Rac8 14. b4 Be7 15. Bb2 Bf6 16. Bxf6 gxf6 17. Nd2 Rc2 18. Nb3 b6 19. Nd4 Rc4 20. Rfd1 Ke7 21. b5 f4 22. Nc6+ Kf7 23. exf4 Nxf4 24. Rd7+ Kg6 25. Rxa7 Kh6 26. Re1 Rg8 27. g3 Rc2 28. Nd4 Nxh3+ 29. Kh2 Rd2 30. Kxh3 Rxd4 31. Kg2 e5 32. Rh1+ Kg6 33. Rhxh7 Rd5 34. a4 Rd4 35. Rhb7 Rc8 36. Rxb6 Rc2 37. Raa6 Rdd2 38. Rxf6+ Kg5 39. Rf3 e4 40. Rf8 e3 41. Kh3 Rxf2 42. Rxf2 Rxf2 43. Re6 e2 44. g4 Kf4 45. g5 Kxg5 46. Kg3 Rf1 47. Rxe2 Ra1 48. Re4 Kf5 49. Rh4 Ke5 50. Kf2 Kd5 51. Ke2 Kc5 52. Kd2 Kb6 53. Kc3 Ka5 54. Kb2 Rg1 55. Rd4 Rg2+ 56. Kc3 Rg3+ 57. Rd3 Rg1 58. Kb3 Rb1+ 59. Ka2 Rb4 60. Ra3 Kb6 61. Ka1 Ka5 62. Ka2 Rh4 63. Kb2 Rh2+ 64. Kc1 Rg2 65. Kd1 Rh2 66. Rb3 Kxa4 67. Rb1 Rh1+ 68. Kc2 Rxb1 69. Kxb1 Kxb5 1/2-1/2

[Event "Titled Tuesday intern op 15th Aug Early"]
[Site "Chess.com INT"]
[Date "2023.08.15"]
[Round "9"]
[White "Gurevich, Dmitry"]
[Black "Slovineanu, Viacheslav"]
[Result "0-1"]
[WhiteElo "2371"]
[BlackElo "2412"]
[PlyCount "50"]
[EventDate "2023.08.15"]
[EventType "swiss (blitz)"]
[EventRounds "11"]
[EventCountry "USA"]
[SourceTitle "EXT 2024"]
[Source "ChessBase"]
[SourceDate "2023.10.10"]
[SourceVersion "1"]
[SourceVersionDate "2023.10.10"]
[SourceQuality "1"]

1. d4 Nf6 2. c4 e6 3. Nc3 d5 4. Nf3 c5 5. cxd5 Nxd5 6. e4 Nxc3 7. bxc3 cxd4 8. cxd4 Bb4+ 9. Bd2 Bxd2+ 10. Qxd2 0-0 11. Bc4 Nd7 12. 0-0 b6 13. Rfe1 Bb7 14. a4 Rc8 15. Bd3 Qe7 16. a5 Nf6 17. axb6 axb6 18. Rab1 Qd8 19. Qb4 Nd7 20. h3 h6 21. Qd6 Rc6 22. Qf4 Qc7 23. Qh4 Rc3 24. Bb5 Nf6 25. Qf4 Qxf4 0-1

[Event "Titled Tuesday intern op 15th Aug Early"]
[Site "Chess.com INT"]
[Date "2023.08.15"]
[Round "7"]
[White "Zampronha, Wladimir Camilo"]
[Black "Slovineanu, Viacheslav"]
[Result "0-1"]
[WhiteElo "2170"]
[BlackElo "2412"]
[PlyCount "92"]
[EventDate "2023.08.15"]
[EventType "swiss (blitz)"]
[EventRounds "11"]
[EventCountry "USA"]
[SourceTitle "EXT 2024"]
[Source "ChessBase"]
[SourceDate "2023.10.10"]
[SourceVersion "1"]
[SourceVersionDate "2023.10.10"]
[SourceQuality "1"]

1. e4 c6 2. d4 d5 3. e5 Bf5 4. Nf3 e6 5. Be2 Nd7 6. 0-0 a6 7. Nbd2 h6 8. b3 g5 9. Bb2 Ne7 10. Ne1 Bg6 11. Nd3 Bg7 12. Rc1 Nf5 13. Bh5 Bxh5 14. Qxh5 Qe7 15. Rfe1 0-0-0 16. c4 f6 17. cxd5 exd5 18. Qg4 Qe6 19. exf6 Qxf6 20. Ne5 h5 21. Qf3 g4 22. Qd3 Nxe5 23. dxe5 Qe6 24. b4 Bh6 25. a4 Ne7 26. b5 axb5 27. axb5 Qf5 28. Qxf5+ Nxf5 29. Rc2 Bxd2 30. Rxd2 Ne7 31. Ba3 Kd7 32. Rb1 Ke6 33. Rc2 Rc8 34. bxc6 Rxc6 35. Rcb2 Rb8 36. Bxe7 Kxe7 37. Rxb7+ Rxb7 38. Rxb7+ Ke6 39. g3 d4 40. Rh7 Rc1+ 41. Kg2 d3 42. Rh6+ Kxe5 43. Rxh5+ Ke4 44. Rh8 d2 45. Re8+ Kf5 46. Rd8 d1Q 0-1

[Event "Titled Tuesday intern op 08th Aug Late"]
[Site "Chess.com INT"]
[Date "2023.08.08"]
[Round "6"]
[White "Slovineanu, Viacheslav"]
[Black "Butti, Enrique"]
[Result "1-0"]
[WhiteElo "2412"]
[BlackElo "1981"]
[PlyCount "85"]
[EventDate "2023.08.08"]
[EventType "swiss (blitz)"]
[EventRounds "11"]
[EventCountry "USA"]
[SourceTitle "EXT 2024"]
[Source "ChessBase"]
[SourceDate "2023.10.10"]
[SourceVersion "1"]
[SourceVersionDate "2023.10.10"]
[SourceQuality "1"]

1. e4 c5 2. Nf3 d6 3. d4 cxd4 4. Nxd4 Nf6 5. Nc3 a6 6. f3 Nc6 7. Be3 Nxd4 8. Bxd4 e5 9. Be3 Be6 10. Qd2 Rc8 11. 0-0-0 Qa5 12. Kb1 Be7 13. g4 Rxc3 14. Qxc3 Qxa2+ 15. Kc1 0-0 16. Qa3 Qxa3 17. bxa3 Rd8 18. g5 Nh5 19. Kb2 d5 20. exd5 Bxd5 21. Be2 Nf4 22. Bxf4 exf4 23. c4 Bc6 24. Rxd8+ Bxd8 25. h4 Bc7 26. Rf1 Be5+ 27. Kb3 g6 28. Bd3 f6 29. Be4 Bxe4 30. fxe4 fxg5 31. hxg5 Kf7 32. c5 Ke6 33. Kc4 Bc7 34. Rh1 Bd8 35. Rxh7 Bxg5 36. Rxb7 f3 37. Kd3 Bf4 38. Rb6+ Kf7 39. c6 g5 40. c7 Bxc7 41. Rb7 g4 42. Rxc7+ Kf6 43. Ke3 1-0

[Event "Titled Tuesday intern op 25th Jul Early"]
[Site "Chess.com INT"]
[Date "2023.07.25"]
[Round "3"]
[White "Slovineanu, Viacheslav"]
[Black "Castaneda Jimenez, Jhon David"]
[Result "0-1"]
[WhiteElo "2412"]
[BlackElo "2123"]
[PlyCount "46"]
[EventDate "2023.07.25"]
[EventType "swiss (blitz)"]
[EventRounds "11"]
[EventCountry "USA"]
[SourceTitle "EXT 2024"]
[Source "ChessBase"]
[SourceDate "2023.10.10"]
[SourceVersion "1"]
[SourceVersionDate "2023.10.10"]
[SourceQuality "1"]

1. d4 Nf6 2. Nf3 e6 3. c4 b6 4. e3 Bb7 5. Bd3 c5 6. 0-0 Be7 7. Nc3 cxd4 8. exd4 d5 9. cxd5 Nxd5 10. Ne5 0-0 11. Qg4 Nf6 12. Qh4 Ne4 13. Qh3 Qxd4 14. Bf4 g6 15. Rad1 Nf6 16. Ne2 Qxb2 17. Rfe1 Nd5 18. Nc4 Nxf4 19. Nxf4 Qf6 20. g3 Nc6 21. Be4 Rad8 22. Nd3 Ba8 23. f4 Qd4+ 0-1

[Event "Titled Tuesday intern op 25th Jul Early"]
[Site "Chess.com INT"]
[Date "2023.07.25"]
[Round "10"]
[White "Slovineanu, Viacheslav"]
[Black "Gulamali, Kazim"]
[Result "1-0"]
[WhiteElo "2412"]
[BlackElo "2243"]
[PlyCount "47"]
[EventDate "2023.07.25"]
[EventType "swiss (blitz)"]
[EventRounds "11"]
[EventCountry "USA"]
[SourceTitle "EXT 2024"]
[Source "ChessBase"]
[SourceDate "2023.10.10"]
[SourceVersion "1"]
[SourceVersionDate "2023.10.10"]
[SourceQuality "1"]

1. d4 Nf6 2. Nf3 e6 3. c4 d5 4. e3 Nbd7 5. b3 Bb4+ 6. Bd2 Bd6 7. Nc3 c6 8. Bd3 Qe7 9. 0-0 0-0 10. e4 dxc4 11. Bxc4 e5 12. Bg5 b5 13. Bd3 exd4 14. Nxd4 Qe5 15. Nf3 Qxc3 16. Rc1 Qb4 17. Rxc6 Ne5 18. Bd2 Nxc6 19. Bxb4 Bxb4 20. e5 Nxe5 21. Nxe5 Bb7 22. Ng4 Nd5 23. Be4 Rad8 24. Qd4 1-0